[Event "ECU-ch"]
[Site "Banos de Agua Santa"]
[Date "2020.03.14"]
[Round "7"]
[White "Garcia Ibarra, Nahin"]
[Black "Narvaez Carvajal, Jose"]
[Result "1/2-1/2"]
[WhiteElo "1643"]
[BlackElo "1981"]
[PlyCount "64"]
[EventDate "2020.03.10"]
[EventType "swiss"]
[EventRounds "9"]
[EventCountry "ECU"]
[SourceTitle "CBM 195 Extra"]
[Source "ChessBase"]
[SourceDate "2020.05.31"]
[SourceVersion "1"]
[SourceVersionDate "2020.05.31"]
[SourceQuality "1"]

1. d4 g6 2. e4 Bg7 3. Nc3 c5 4. dxc5 Qa5 5. Bd2 Qxc5 6. Nf3 Nf6 7. Bd3 0-0 8. 0-0 d6 9. Nb5 a6 10. Be3 Qc6 11. Nbd4 Qc7 12. h3 Nbd7 13. c4 b6 14. b4 Bb7 15. Qc2 Rac8 16. Nd2 Qb8 17. Qb3 Ne5 18. f3 e6 19. Rac1 Nxd3 20. Qxd3 Nd7 21. Rc2 Rfe8 22. Rfc1 Ne5 23. Qb3 Red8 24. Ne2 Nd7 25. Nc3 Ba8 26. a4 Ne5 27. Bg5 Rd7 28. Ne2 Rdc7 29. c5 dxc5 30. bxc5 b5 31. axb5 axb5 32. Bf4 Bc6 1/2-1/2

[Event "ECU-ch U20"]
[Site "Guayaquil"]
[Date "2020.02.19"]
[Round "2"]
[White "Alban Lombeida, Jeampierre"]
[Black "Garcia Ibarra, Nahin"]
[Result "0-1"]
[WhiteElo "1546"]
[BlackElo "1743"]
[PlyCount "59"]
[EventDate "2020.02.19"]
[EventType "swiss"]
[EventRounds "9"]
[EventCountry "ECU"]
[SourceTitle "CBM 195 Extra"]
[Source "ChessBase"]
[SourceDate "2020.05.31"]
[SourceVersion "1"]
[SourceVersionDate "2020.05.31"]
[SourceQuality "1"]

1. e4 c5 2. Nf3 Nc6 3. d4 cxd4 4. Nxd4 g6 5. Nc3 Bg7 6. Be3 Nf6 7. f3 0-0 8. Bc4 Qb6 9. Qd2 Nxe4 10. fxe4 Bxd4 11. Bxd4 Qxd4 12. Qxd4 Nxd4 13. 0-0-0 Nc6 14. Rhf1 d6 15. Nd5 Be6 16. Bb5 Bxd5 17. exd5 Ne5 18. Rf4 Rac8 19. c3 Rc5 20. Be2 Rfc8 21. h4 b5 22. Rdd4 a5 23. a3 h5 24. g4 hxg4 25. Bxg4 Nxg4 26. Rxg4 Rc4 27. Kc2 Rxd4 28. Rxd4 Rc4 29. Kd3 Rxd4+ 30. Kxd4 0-1

[Event "Pan American-ch U16"]
[Site "Guayaquil"]
[Date "2019.07.25"]
[Round "7"]
[White "Reyes, Jesus"]
[Black "Garcia Ibarra, Nahin"]
[Result "1-0"]
[WhiteElo "1354"]
[BlackElo "1537"]
[PlyCount "41"]
[EventDate "2019.07.21"]
[EventType "swiss"]
[EventRounds "9"]
[EventCountry "ECU"]
[SourceTitle "EXT 2020"]
[Source "ChessBase"]
[SourceDate "2019.10.17"]
[SourceVersion "1"]
[SourceVersionDate "2019.10.17"]
[SourceQuality "1"]

1. e4 c5 2. Nf3 Nc6 3. d3 e6 4. g3 d5 5. Qe2 Nf6 6. Bg2 Be7 7. 0-0 0-0 8. e5 Nd7 9. c4 d4 10. h4 Qe8 11. Bf4 Rb8 12. Nbd2 b5 13. cxb5 Rxb5 14. Nc4 Nb4 15. Rae1 Ba6 16. Nh2 Nb6 17. a4 Nxd3 18. axb5 Nxe1 19. Qxe1 Bxb5 20. Nd2 a6 21. b3 1-0